Studi sul contratto estimatorio e sulla permuta nel diritto romano.

Saved in:
Bibliographic Details
Main Author: Sciandrello, Enrico (autore)
Format: Book
Published: Trento, Italia: Università degli Studi di Trento, 2011.
Series:Università di Trento,Dipartimento di scienze giuridiche,
Subjects:
Tags: Add Tag
No Tags, Be the first to tag this record!

MARC

LEADER 00000nam a22000007a 4500
003 CL-VaPUC
005 20220822114750.0
008 220729t2011 ||||| |||| 00| 0 eng d
999 |c 437782  |d 437780 
020 |a 978-88-8443-360-2 
022 |a 1972-1137 
040 |c Pontificia Universidad Católica de Valparaíso 
082 7 |a 346.3702 SCI 2011  |2 22 
100 1 |a Sciandrello, Enrico  |e autore  |9 874383 
245 |a Studi sul contratto estimatorio e sulla permuta nel diritto romano.  
260 |a Trento, Italia:  |b Università degli Studi di Trento,   |c 2011. 
300 |a 406 páginas. 
490 |a Università di Trento,Dipartimento di scienze giuridiche,  |n  93. 
500 |a c.1 Donación Familia Prof. Alejandro Guzmán Brito. 
583 |c 20220729  |k Cristina María Rojas Aguilar 
650 |a Contrato de tasación  |x Derecho romano  |9 874384 
650 |a Permuta   |x Derecho romano  |9 874385 
942 |2 ddc  |c BK  |n 0 
952 |0 0  |1 0  |2 ddc  |4 0  |6 346_370200000000000_SCI_2011  |7 1  |8 C_AGB  |9 585588  |a BIBDER  |b BIBDER  |d 2022-07-29  |e Donación   |i 5653626  |o 346.3702 SCI 2011  |p 5653626  |r 2023-01-25  |t 1  |w 2022-07-29  |y BK_US  |k AGB